00257nam a2200109Ia 4500008004100000082001700041100001400058245003400072250000800106260002500114300000800139191201s2013 xx 000 0 und d a004.678bKAI aKAMAL,Raj 0aInternet and Web Technologies aRep c2013bTMHaNEW DELHI a519